|
|
|
|
| LEADER |
03318nam a2200493 i 4500 |
| 001 |
44945 |
| 003 |
BD-DhAAL |
| 005 |
20251015150449.0 |
| 008 |
281015t2022 mdu ob 001 0 eng d |
| 010 |
|
|
|a 2021042515
|
| 020 |
|
|
|a 9781543838534 (hardcover)
|
| 020 |
|
|
|a 9781543838541 (epub)
|
| 035 |
|
|
|a 22204541
|
| 040 |
|
|
|a DLC
|b eng
|c DLC
|e rda
|d DLC
|d BD-DhAAL
|
| 042 |
|
|
|a pcc
|
| 043 |
|
|
|a n-us---
|
| 050 |
0 |
0 |
|a KF560
|
| 082 |
0 |
0 |
|a 346.7304
|2 23
|
| 245 |
1 |
0 |
|a Property law :
|b rules, policies, and practices /
|c Joseph William Singer ... [et al.].
|
| 246 |
|
|
|a Property law
|
| 250 |
|
|
|a Eighth edition.
|
| 260 |
|
|
|a Frederick :
|b Aspen Publishing,
|c c2022.
|
| 300 |
|
|
|a lx, 1334 pages :
|b illustrations ;
|c 26 cm
|
| 490 |
0 |
|
|a Aspen casebook series
|
| 504 |
|
|
|a Includes bibliographical references and index.
|
| 505 |
0 |
|
|a Trespass : the right to exclude and rights of access -- Competing justifications for property rights -- What can be owned? -- Adverse possession -- Nuisance : resolving conflicts between free use and quiet enjoyment -- Land use and natural resources regulation -- Servitudes : rules governing contractual restrictions on land use -- Concurrent, family, and entity property -- Present estates and future interests -- Leaseholds -- Real estate transactions -- Fair housing law -- Takings law.
|
| 520 |
|
|
|a "Casebook on Property law for law students; includes notes, questions, and problems"--
|
| 526 |
|
|
|a SOL
|x K. Shamsuddin Mahmood
Professor and Dean
School of Law
BRAC University
Course Name : Property Law and Transfer (LAW 203)
|
| 541 |
|
|
|a Trim Education
|e 44945, 44946, 44947
|
| 650 |
|
0 |
|a Property
|z United States.
|9 59622
|
| 650 |
|
0 |
|a Property
|z United States.
|v Cases.
|9 59623
|
| 650 |
|
0 |
|a Law.
|
| 700 |
1 |
|
|a Singer, Joseph William,
|d 1954-
|e author.
|9 59624
|
| 700 |
1 |
|
|a Berger, Bethany R.,
|e author.
|9 59625
|
| 700 |
1 |
|
|a Davidson, Nestor M.,
|e author.
|9 59626
|
| 700 |
1 |
|
|a Peñalver, Eduardo M.,
|d 1973-
|e author.
|9 59627
|
| 776 |
0 |
8 |
|i Print version:
|a Singer, Joseph William, 1954-
|t Property law
|b Eighth edition.
|d New York City : Wolters Kluwer, [2022]
|z 9781543838534
|w (DLC) 2021042514
|
| 830 |
|
|
|a Aspen casebook series.
|9 59628
|
| 852 |
|
|
|a Ayesha Abed Library
|c General Stacks
|
| 942 |
|
|
|2 ddc
|c BK
|
| 999 |
|
|
|c 47603
|d 47603
|
| 952 |
|
|
|0 0
|1 0
|2 ddc
|4 0
|6 346_730400000000000_PRO
|7 0
|9 78366
|a BRACUL
|b BRACUL
|c GEN
|d 2025-10-13
|e Trim Education
|g 39000.00
|l 0
|o 346.7304 PRO
|p 3010044947
|r 2025-10-13
|t 3
|v 78000.00
|w 2025-10-13
|y BK
|x Requisitioned by K. Shamsuddin Mahmood (Professor and Dean, School of Law, BRAC University) for the course named- 'Property Law and Transfer (LAW 203)'
|
| 952 |
|
|
|0 0
|1 0
|2 ddc
|4 0
|6 346_730400000000000_PRO
|7 0
|9 78367
|a BRACUL
|b BRACUL
|c NEW
|d 2025-10-13
|e Trim Education
|g 39000.00
|l 0
|o 346.7304 PRO
|p 3010044945
|r 2025-10-13
|t 1
|v 78000.00
|w 2025-10-13
|y BK
|x Requisitioned by K. Shamsuddin Mahmood (Professor and Dean, School of Law, BRAC University) for the course named- 'Property Law and Transfer (LAW 203)'
|
| 952 |
|
|
|0 0
|1 0
|2 ddc
|4 0
|6 346_730400000000000_PRO
|7 0
|9 78368
|a BRACUL
|b BRACUL
|c GEN
|d 2025-10-13
|e Trim Education
|g 39000.00
|l 0
|o 346.7304 PRO
|p 3010044946
|r 2025-10-13
|t 2
|v 78000.00
|w 2025-10-13
|y BK
|x Requisitioned by K. Shamsuddin Mahmood (Professor and Dean, School of Law, BRAC University) for the course named- 'Property Law and Transfer (LAW 203)'
|